Responses for show #7484 - Thursday, March 9, 2017

Contestants

Serena Kay Tibbitt, an attorney from Miami, Florida

Rachel Moyer, an operations support specialist from Charlotte, North Carolina

Annie Marggraf, an unemployed bartender from Vancouver, Washington (whose 1-day cash winnings total $20,000)

Jeopardy! Round responses

AUDITIONS FOR A NEW MUSTACHE
MOVIE TITLE PAIRS
BRAND NAMES-- FIRST & LAST
SCIEN-"T"IFIC
STRAIGHT
NARROWS
    $200 4
a walrus mustache

Annie
    $200 1
Louise

Annie
    $200 5
a tentacle

Rachel
    $200 20
Alaska

Rachel
    $400 8
DalĂ­

Serena
    $400 2
Paul Newman and Robert Redford

Annie
    $400 28
[The end-of-round signal sounds.]

Betty Crocker

Annie
    $400 21
tundra

Rachel
    $400 27
a beeline

Serena
    $400 19
Staten Island

Serena
    $600 9
a handlebar mustache

Rachel
    $600 3
The Princess and the Frog

Serena
    $600 22
Lorna Doone

Annie
    $600 16
the terminator line

Triple Stumper
    $600 6
upright

Rachel
    $600 15
(Annie: What is cockatoo?)

swan

Annie
Triple Stumper
    $800 24
(Alex: With less than a minute now.)

horseshoe

Rachel
    $800 10
Amy Adams

Rachel
    $800 23
(Serena: What is Russell Stowe?)

Russell Stover

RachelSerena
    $2,200 12
testosterone

Rachel
    $800 7
a level

Serena
    $800 17
Zion

Annie
    $1000 25
Fu Manchu

Rachel
    $1000 11
Carole Lombard

Triple Stumper
    $1000 26
(Rachel: Who is Ralph Lauren?)

Ann Taylor

Rachel
Triple Stumper
    $1000 13
taxonomy

Rachel
    $1000 14
rectilinear

Triple Stumper
    $1000 18
Loch Lomond

Rachel

Scores at the first commercial break (after clue 15):

Annie Rachel Serena
$200 $5,400 $1,800

Scores at the end of the Jeopardy! Round:

Annie Rachel Serena
$2,000 $8,600 $1,800

Double Jeopardy! Round responses

PATCHES
'90s R&B HITMAKERS
DIALECTS
LITERARY AWARDS
NIXON'S ENEMIES LIST
THE "N" ZONE
    $400 30
nicotine

Annie
    $400 29
TLC

Serena
    $400 7
Arabic

Annie
    $400 1
(Serena: What are women?)

Westerns

AnnieSerena
    $400 28
Johnson

Rachel
    $400 27
a notch

Annie
    $800 26
the Mercury program

Triple Stumper
    $800 18
Boyz II Men

Rachel
    $800 3
Ontario

Serena
    $800 13
Laura Ingalls Wilder

Annie
    $2,400 2
(Annie: What are The New York Times and The Chicago Tribune?)

The New York Times and The Washington Post

Annie
    $800 20
a nunnery

Serena
    $1200 11
the briar patch

Serena
    $1200 8
Color Me Badd

Annie
    $1200 4
(Rachel: What is Gaelic?)
(Alex: Gaelic?)
(Rachel: [*]?)
[ERRATUM: Orkney and Shetland are dialects of Scots, not Scottish Gaelic.]

Scottish Gaelic

Rachel
    $1200 14
Dune

Serena
    $1200 25
the AFL-CIO

Annie
    $1200 21
nuance

Serena
    $1600 12
Etsy

Serena
    $1600 9
En Vogue

Annie
    $1600 5
Swahili

Rachel
    $1600 15
poetry

Annie
    $1600 23
(Annie: What are the Watergate tapes?)

the Pentagon Papers

Annie
Triple Stumper
    $1600 19
nomenclature

Rachel
    $2000 17
Moshe Dayan

Annie
    $2000 10
Montell Jordan

Rachel
    $2000 6
Tuscan

Triple Stumper
    $5,600 16
John F. Kennedy and R. F. Kennedy

Annie
    $2000 24
(Alex: Minute to go.)

Edmund Muskie

Triple Stumper
    $2000 22
nematodes

Annie

Scores at the end of the Double Jeopardy! Round:

Annie Rachel Serena
$15,600 $16,200 $8,600

[wagering suggestions for these scores]

Final Jeopardy! Round responses

NATIONS OF THE WORLD
SerenaWhat is Tuvalu?
$8,599
AnnieWhat is the Vatican
$15,600
RachelWhat is Saudi Arabia?
$15,001
the Vatican

Final scores:

Annie Rachel Serena
$31,200 $1,199 $1
2-day champion: $51,200 2nd place: $2,000 3rd place: $1,000

Game dynamics:

Coryat scores:

Annie Rachel Serena
$14,400 $14,800 $8,600
18 R
(including 1 DD),
3 W
(including 1 DD)
18 R
(including 1 DD),
1 W
12 R,
2 W

Combined Coryat: $37,800

The J! Archive is created by fans, for fans. The Jeopardy! game show and all elements thereof, including but not limited to copyright and trademark thereto, are the property of Jeopardy Productions, Inc. and are protected under law. This website is not affiliated with, sponsored by, or operated by Jeopardy Productions, Inc. Join the discussion at JBoard.tv.